| 000 | 00832nam a2200301Ia 4500 | ||
|---|---|---|---|
| 001 | B3025 | ||
| 003 | IT-RoPAU | ||
| 008 | 130308s9999 xx 000 0 und d | ||
| 040 | _aIT-RoPAU | ||
| 040 | _cIT-RoPAU | ||
| 041 | _aFRANCESE | ||
| 100 | _aTheil Alain | ||
| 100 | _gCodice Aut. SPICS: 37378 | ||
| 245 | _aUn conte suspendu a un fil: Janet la torse (1887) de R.-L. Stevenson | ||
| 245 | _bFrontieres Du Conte | ||
| 250 | _a1a ed. | ||
| 260 | _aPARIS | ||
| 260 | _bCNRS | ||
| 260 | _c1982 [1° Ed.:1982 - Ed.Ling.Originale:1982] | ||
| 300 | _a"7 p. (prefazione: no ; testo: 7 [pagine: 129-135])" | ||
| 500 | _aRiflessioni Sul Racconto di Stevenson Janet la torse. | ||
| 650 | _aSAGGI DI LINGUISTICA | ||
| 650 | _eCodice materia Spics: 3207 | ||
| 942 | _cBK | ||
| 957 | _71 | ||
| 999 |
_c40433 _d40433 |
||
| 999 | _bSI | ||
| 999 | _g1 | ||